Pokémon : les starters par région et type - Statistiques

Statistiques générales
  • Ce quiz a été pris 19 fois
  • Le résultat moyen est 24 sur 27
Statistiques - réponses
Réponses % Correct
Arcko
100%
Bulbizarre
100%
Carapuce
100%
Poussifeu
100%
Salamèche
100%
Tortipouss
100%
Gobou
94%
Grenousse
94%
Gruikui
94%
Héricendre
94%
Ouisticram
94%
Tiplouf
94%
Vipélierre
94%
Brindibou
89%
Feunnec
89%
Kaiminus
89%
Marisson
83%
Otaquin
83%
Flamiaou
78%
Germignon
78%
Larméléon
78%
Moustillon
78%
Ouistempo
78%
Poussacha
78%
Chochodile
72%
Coiffeton
72%
Flambino
61%
Aucun quiz correspondant
Distribution des résultats
% des personnes avec chaque résultat
Percentile par nombre de réponses
Votre historique - résultats
Vous n’avez pas pris ce quiz